[Event "Wch Blitz"]
[Site "Samarkand"]
[Date "2023.12.30"]
[Round "18"]
[White "Henriquez Villagra, Cristobal"]
[Black "Aditya, Mittal"]
[Result "0-1"]
[WhiteElo "2607"]
[BlackElo "2595"]
[PlyCount "86"]
[EventDate "2023.12.29"]
[EventType "swiss (blitz)"]
[EventRounds "21"]
[EventCountry "UZB"]
[SourceTitle "CB01_2024"]
[SourceDate "2024.01.03"]
[SourceVersion "1"]
[SourceVersionDate "2024.01.03"]
[SourceQuality "1"]

1. e4 e5 2. Nf3 Nc6 3. g3 Nf6 4. d3 Bc5 5. Bg2 d6 6. 0-0 h6 7. Nc3 a6 8. Nd5 Be6 9. c4 Nd4 10. Nxd4 Bxd4 11. Be3 Bxe3 12. fxe3 Nd7 13. Rf2 c6 14. Nc3 0-0 15. b3 f5 16. Qd2 Qe7 17. exf5 Bxf5 18. d4 Bg6 19. Raf1 Rxf2 20. Rxf2 exd4 21. exd4 Re8 22. Re2 Qf7 23. Rxe8+ Qxe8 24. h3 Nf6 25. Bf3 Qe6 26. Kg2 Kh7 27. g4 d5 28. Qe2 Be4 29. Bxe4+ dxe4 30. Qe3 g5 31. Qf2 b5 32. Qe2 Kg6 33. a4 b4 34. Nd1 Qd6 35. Qe3 h5 36. Nf2 Qf4 37. gxh5+ Kxh5 38. Qe2+ Kh4 39. a5 Qg3+ 40. Kf1 e3 41. Nd1 Qxh3+ 42. Kg1 Qg3+ 43. Qg2 e2 0-1

[Event "Wch Rapid"]
[Site "Samarkand"]
[Date "2023.12.26"]
[Round "2"]
[White "Aditya, Mittal"]
[Black "Pichot, Alan"]
[Result "0-1"]
[WhiteElo "2595"]
[BlackElo "2651"]
[PlyCount "120"]
[EventDate "2023.12.26"]
[EventType "swiss (rapid)"]
[EventRounds "13"]
[EventCountry "UZB"]
[SourceTitle "CB01_2024"]
[SourceDate "2024.01.03"]
[SourceVersion "1"]
[SourceVersionDate "2024.01.03"]
[SourceQuality "1"]

1. d4 Nf6 2. Nf3 d5 3. Bf4 c5 4. e3 Nc6 5. Nbd2 Nh5 6. dxc5 Nxf4 7. exf4 g6 8. c3 Bh6 9. g3 0-0 10. Nb3 Re8 11. Bg2 b6 12. 0-0 Ba6 13. Re1 e6 14. Nfd4 Nxd4 15. cxd4 Bg7 16. Rc1 Rb8 17. c6 Qd6 18. Bf1 Bxf1 19. Kxf1 Rec8 20. Qc2 Rc7 21. Re3 a5 22. Rc3 a4 23. Nd2 Bxd4 24. Rd3 Bg7 25. Qxa4 Bxb2 26. Rc2 Bg7 27. Qb5 Rbc8 28. Ne4 Qe7 29. Ng5 h6 30. Nf3 Qd6 31. Qxb6 Rxc6 32. Rxc6 Qxc6 33. Qxc6 Rxc6 34. Ra3 Bf6 35. Ra7 Rc1+ 36. Kg2 Rc2 37. a4 g5 38. a5 g4 39. Ne5 Bxe5 40. fxe5 Kg7 41. a6 Ra2 42. Kf1 Kg6 43. Ke1 h5 44. Kf1 d4 45. Rd7 Rxa6 46. Rxd4 Ra1+ 47. Kg2 Re1 48. h3 gxh3+ 49. Kxh3 Rxe5 50. g4 Rg5 51. gxh5+ Kxh5 52. Rd8 e5 53. f4 exf4 54. Rd4 Rg3+ 55. Kh2 Kg4 56. Ra4 Rb3 57. Kg2 Rb2+ 58. Kf1 Kg3 59. Ra8 Rb1+ 60. Ke2 f3+ 0-1

[Event "Qatar Masters op"]
[Site "Doha"]
[Date "2023.10.14"]
[Round "4"]
[White "Aditya, Mittal"]
[Black "Abdusattorov, Nodirbek"]
[Result "1/2-1/2"]
[WhiteElo "2572"]
[BlackElo "2716"]
[PlyCount "77"]
[EventDate "2023.10.11"]
[EventType "swiss"]
[EventRounds "9"]
[EventCountry "QAT"]
[SourceTitle "Mega2024 Update 01"]
[Source "Chessbase"]
[SourceDate "2023.11.12"]
[SourceVersion "1"]
[SourceVersionDate "2023.11.12"]
[SourceQuality "1"]

1. d4 Nf6 2. c4 e6 3. Nf3 d5 4. Nc3 a6 5. c5 b6 6. cxb6 cxb6 7. Bf4 Bb7 8. e3 Be7 9. Bd3 0-0 10. 0-0 Nc6 11. Ne5 Na5 12. Qf3 Rc8 13. Rac1 b5 14. Qh3 Nc4 15. Ng4 g6 16. Nh6+ Kg7 17. Bxc4 dxc4 18. Be5 Bd6 19. Rcd1 Qe7 20. f4 Bxe5 21. fxe5 Nh5 22. Ng4 Qg5 23. a3 f5 24. exf6+ Nxf6 25. Nxf6 Rxf6 26. Rxf6 Qxf6 27. Rf1 Qg5 28. e4 Rf8 29. Rxf8 Kxf8 30. Qxh7 Qe3+ 31. Kf1 Qf4+ 32. Kg1 Bxe4 33. Qh8+ Kf7 34. Qh7+ Ke8 35. Nxe4 Qxe4 36. Qg8+ Kd7 37. Qf7+ Kd8 38. Qf8+ Kd7 39. Qf7+ 1/2-1/2

[Event "EU-Cup 38th"]
[Site "Durres"]
[Date "2023.10.07"]
[Round "7.1"]
[White "Bosiocic, Marin"]
[Black "Aditya, Mittal"]
[Result "0-1"]
[WhiteElo "2534"]
[BlackElo "2572"]
[PlyCount "78"]
[EventDate "2023.10.01"]
[EventType "team-swiss"]
[EventRounds "7"]
[EventCountry "ALB"]
[SourceTitle "EXT 2024"]
[Source "ChessBase"]
[SourceDate "2023.10.10"]
[SourceVersion "1"]
[SourceVersionDate "2023.10.10"]
[SourceQuality "1"]
[WhiteTeam "Dardania"]
[BlackTeam "Gambit Asseco See"]
[WhiteTeamCountry "KOS"]
[BlackTeamCountry "MKD"]

1. d4 d5 2. c4 c6 3. Nf3 Nf6 4. Nc3 e6 5. Bg5 h6 6. Bxf6 Qxf6 7. e3 g6 8. Bd3 Bg7 9. e4 dxc4 10. Bxc4 0-0 11. 0-0 Nd7 12. e5 Qe7 13. Re1 Rd8 14. Qe2 b5 15. Bd3 Rb8 16. Rac1 c5 17. Nxb5 Bb7 18. Nxa7 Ra8 19. Nb5 Bxf3 20. Qxf3 cxd4 21. Qb7 Qb4 22. a3 Qb3 23. Bc4 Qxb2 24. f4 Nc5 25. Qf3 d3 26. Red1 d2 27. Rc3 Ra5 28. Qe3 Bf8 29. Nd6 Bxd6 30. exd6 Rxd6 31. f5 gxf5 32. Qg3+ Kh7 33. Qxd6 Qxc3 34. Qc7 Kg6 35. Be2 Qe3+ 36. Kf1 Ne4 37. Bh5+ Kxh5 38. Qxf7+ Kh4 39. Qe7+ Qg5 0-1

[Event "EU-Cup 38th"]
[Site "Durres"]
[Date "2023.10.05"]
[Round "5.1"]
[White "Kadric, Denis"]
[Black "Aditya, Mittal"]
[Result "1/2-1/2"]
[WhiteElo "2579"]
[BlackElo "2572"]
[PlyCount "96"]
[EventDate "2023.10.01"]
[EventType "team-swiss"]
[EventRounds "7"]
[EventCountry "ALB"]
[SourceTitle "EXT 2024"]
[Source "ChessBase"]
[SourceDate "2023.10.10"]
[SourceVersion "1"]
[SourceVersionDate "2023.10.10"]
[SourceQuality "1"]
[WhiteTeam "Elektroprivreda"]
[BlackTeam "Gambit Asseco See"]
[WhiteTeamCountry "MNE"]
[BlackTeamCountry "MKD"]

1. e4 e5 2. Nf3 Nc6 3. Bc4 Nf6 4. d3 d5 5. exd5 Nxd5 6. 0-0 Nb6 7. Bb3 Bg4 8. Re1 Qe7 9. c3 0-0-0 10. a4 a5 11. h3 Bh5 12. d4 f6 13. Nbd2 Kb8 14. Nf1 g5 15. Ng3 Bg6 16. Bd2 h6 17. Bc2 Qh7 18. Bxg6 Qxg6 19. dxe5 Nxe5 20. Nxe5 fxe5 21. Qe2 Qc6 22. b3 Nd5 23. Qe4 Bc5 24. c4 Nb4 25. Bxb4 Qxe4 26. Nxe4 Bxb4 27. Re3 Rd4 28. g3 Rf8 29. Ra2 c6 30. Kg2 Kc7 31. Rae2 Rd1 32. Rf3 Rg1+ 33. Kxg1 Rxf3 34. Re3 Rxe3 35. fxe3 Kd7 36. Kf2 Ke6 37. Kf3 Kf5 38. g4+ Ke6 39. Nf2 Be7 40. Ke4 c5 41. Nh1 Bd6 42. Ng3 Be7 43. Nf5 Bf8 44. h4 Kf6 45. h5 Ke6 46. Kd3 Kd7 47. e4 Kc6 48. Nd6 Kxd6 1/2-1/2

[Event "EU-Cup 38th"]
[Site "Durres"]
[Date "2023.10.02"]
[Round "2.1"]
[White "Suleymanli, Aydin Elshan"]
[Black "Aditya, Mittal"]
[Result "1/2-1/2"]
[WhiteElo "2588"]
[BlackElo "2572"]
[PlyCount "60"]
[EventDate "2023.10.01"]
[EventType "team-swiss"]
[EventRounds "7"]
[EventCountry "ALB"]
[SourceTitle "EXT 2024"]
[Source "ChessBase"]
[SourceDate "2023.10.10"]
[SourceVersion "1"]
[SourceVersionDate "2023.10.10"]
[SourceQuality "1"]
[WhiteTeam "Vugar Gashimov"]
[BlackTeam "Gambit Asseco See"]
[WhiteTeamCountry "AZE"]
[BlackTeamCountry "MKD"]

1. e4 e5 2. Nf3 Nf6 3. Nxe5 d6 4. Nf3 Nxe4 5. Nc3 Nxc3 6. dxc3 Be7 7. Be3 Nd7 8. Qd2 0-0 9. 0-0-0 Nf6 10. Bd3 Re8 11. Rhe1 Bg4 12. Bg5 Qd7 13. h3 Bf5 14. g4 Bxd3 15. Qxd3 h6 16. Be3 Qa4 17. g5 hxg5 18. Bxg5 Bf8 19. Kb1 Nh7 20. Be3 Qe4 21. Qe2 g6 22. Rd4 Qf5 23. Qd1 Bg7 24. Rf4 Qd7 25. h4 Bh6 26. Rd4 Bg7 27. Rf4 Bh6 28. Rd4 Bg7 29. Rf4 Bh6 30. Rd4 Bg7 1/2-1/2

[Event "Casablanca Mohammed op 4th"]
[Site "Casablanca"]
[Date "2023.08.18"]
[Round "7"]
[White "Aditya, Mittal"]
[Black "Hamdouchi, Hicham"]
[Result "1/2-1/2"]
[WhiteElo "2577"]
[BlackElo "2526"]
[PlyCount "166"]
[EventDate "2023.08.14"]
[EventType "swiss"]
[EventRounds "9"]
[EventCountry "MAR"]
[SourceTitle "CBM 215 Extra"]
[Source "ChessBase"]
[SourceDate "2023.09.30"]
[SourceVersion "1"]
[SourceVersionDate "2023.09.30"]
[SourceQuality "1"]

1. d4 Nf6 2. c4 g6 3. Nc3 d5 4. Nf3 Bg7 5. h4 c6 6. cxd5 cxd5 7. Bf4 Nc6 8. e3 h5 9. Qb3 0-0 10. Rc1 Na5 11. Qa3 Bf5 12. Ne5 Rc8 13. b4 Nc6 14. Nxc6 Rxc6 15. Bb5 Rc8 16. 0-0 a6 17. Be2 Bd7 18. b5 axb5 19. Nxb5 Ra8 20. Qb3 Bc6 21. Rc2 Qa5 22. Bc7 Qa4 23. Nc3 Qxb3 24. axb3 Rfc8 25. Be5 Nd7 26. Bxg7 Kxg7 27. Rfc1 Nb6 28. Na2 Ra3 29. Rb2 Bd7 30. Rc5 Be6 31. Rb5 Rc6 32. Nb4 Rd6 33. Nd3 Bd7 34. Rb4 Bc8 35. Rc2 Ra8 36. Rc7 Rd7 37. Rc5 Rd6 38. Bf3 e6 39. Rc7 Rd7 40. Rc2 Rd6 41. Ne5 Nd7 42. Nxd7 Rxd7 43. Rb6 Kf8 44. Be2 Ke7 45. Bb5 Rd8 46. Rc7+ Kf6 47. Ba4 Ra6 48. Rxa6 bxa6 49. Kh2 Rf8 50. Kg3 e5 51. Rc6+ Be6 52. Rxa6 exd4 53. exd4 Rb8 54. Kf4 Rb4 55. Ke3 Kf5 56. Ra5 Rb8 57. Rb5 Ra8 58. f3 g5 59. hxg5 Kxg5 60. Rc5 h4 61. Rc1 Ra7 62. Kf2 Rb7 63. Ke3 Re7 64. Rc5 Rb7 65. Bb5 f5 66. Ba4 f4+ 67. Ke2 Kf6 68. Bc6 Rxb3 69. Bxd5 Rb2+ 70. Kf1 h3 71. gxh3 Bxh3+ 72. Ke1 Rb4 73. Bc4 Be6 74. d5 Bf7 75. Kd2 Rb2+ 76. Kc3 Rf2 77. Kd4 Rxf3 78. d6 Bxc4 79. Rxc4 Ke6 80. Ke4 Re3+ 81. Kxf4 Rd3 82. Rc6 Rxd6 83. Rxd6+ Kxd6 1/2-1/2